ბათუმის შოთა რუსთაველის სახელმწიფო უნივერსიტეტის ბიბლიოთეკა

ქალაქ ბათუმის დაგეგმარებისა და განაშენიანების ისტორია : წ-6 / (ბიბ.ჩანაწერი № 56276)

000 -ლიდერი
ფიქსირებული სიგრძის საკონტროლო ველი 01341nam a2200277Ia 4500
001 - საკონტროლო ნომერი
საკონტროლო ველი 23388
003 - საკონტროლო ნომრის იდენტიფიკატორი
საკონტროლო ველი GE_BSU
005 - ბოლო ოპერაციის თარიღი და დრო
საკონტროლო ველი 20251212153749.0
008 - ფიქსირებული სიგრძის მონაცემთა ელემენტები - ზოგადი ინფორმაცია
ფიქსირებული სიგრძის საკონტროლო ველი 181216s2000||||ge |||||||||||||| ||geo||
020 ## - წიგნის საერთაშორისო სტანდარტული ნომერი
International Standard Book Number ISBN 99928-44-95-7
040 ## - კატალოგიზაციის წყარო
Transcribing agency GE_BSU
041 ## - ენის კოდი
Language code of text/sound track or separate title geo
080 ## - უნივერსალური ათობითი კლასიფიკაციის ინდექსი
Universal Decimal Classification number 711(479.223-25) კ-71
100 ## - მთავარი ჩანაწერი - პიროვნების სახელი
Personal name კომახიძე, თეიმურაზ
9 (RLIN) 3432
245 ## - ცნობა სათაურის შესახებ
Title ქალაქ ბათუმის დაგეგმარებისა და განაშენიანების ისტორია : წ-6 /
Statement of responsibility, etc თეიმურაზ კომახიძე ; რედ.: ჯემალ ხოფერია.
264 ## - წარმოების, გამოცემის, დისტრიბუციის და სხვა ცნობები
გამოცემის, წარმოების, დისტრიბუციის... ადგილი ბათუმი :
გამოცემის, წარმოების, დისტრიბუციის... სახელწოდება გამ-ბა აჭარა,
გამოცემის, წარმოების, დისტრიბუციის... თარიღი 2000.
300 ## - ფიზიკური აღწერა
Extent 660 გვ.;
Dimensions 20 სმ.
504 ## - BIBLIOGRAPHY, ETC. NOTE
Bibliography, etc ბიბლიოგრაფია გვ. 657
653 ## - INDEX TERM--UNCONTROLLED
Uncontrolled term არქიტექტურა
653 ## - INDEX TERM--UNCONTROLLED
Uncontrolled term ბათუმის დაგეგმარება
653 ## - INDEX TERM--UNCONTROLLED
Uncontrolled term ბათუმის განაშენიანება
653 ## - INDEX TERM--UNCONTROLLED
Uncontrolled term ქალაქ ბათუმის დაგეგმარებისა და განაშენიანების ისტორია : წ-6
700 ## - ADDED ENTRY--PERSONAL NAME
Personal name ხოფერია, ჯემალ
Relator term რედაქტორი
9 (RLIN) 3862
942 ## - ADDED ENTRY ELEMENTS (KOHA)
Koha item type წიგნი
Source of classification or shelving scheme
ეგზემპლარები
ჩამოწერის სტატუსი დაკარგული ეგზემპლარის სტატუსი კლასიფიკაციის წყარო ან თაროზე გაწყობის სქემა დაზიანების სტატუსი არ გაიცემა მუდმივი მდებარეობა (დაცვის ადგილი) ამჟამინდელი ადგილსამყოფელი თაროზე განთავსების ადგილი შეძენის თარიღი ღირებულება, შესყიდვის ნორმალური ფასი სრული შენახვის შიფრი შტრიხკოდი ბოლო ოპერაციის თარიღი ეგზემპლარის მიმდევრობითი ნომერი (კეტერი?) ფასის ძალაში შესვლის თარიღი ეგზემპლარის სახეობა საჯარო შენიშვნა
          ბათუმის შოთა რუსთაველის სახელმწიფო უნივერსიტეტის მთავარი ბიბლიოთეკა ბათუმის შოთა რუსთაველის სახელმწიფო უნივერსიტეტის მთავარი ბიბლიოთეკა წიგნსაცავი 2018-12-17 15.00 711(479.223-25) კ-71 28309 2018-12-17 28309 2018-12-17 წიგნი 15.00 ₾.